Canine and feline endocrinology and reproduction /

Bibliographic Details
Main Author: Feldman, Edward C.
Other Authors: Nelson, Richard W. (Richard William), 1953-
Format: Book
Language:English
Published: Philadelphia : Saunders, 1987.
Subjects:

MARC

Tag First Indicator Second Indicator Subfields
LEADER 00000cam a22000008a 4500
001 in00004456549
005 20191202121205.0
008 861203s1987 paua b 00110 eng d
010 |a  86031455  
020 |a 0721614035 
035 |a (OCoLC)15018181 
035 |z (UtOrBLW)3697 
035 |a 5565 
040 |a DNLM/DLC  |c DLC  |d TMV  |d UtOrBLW 
049 |a TMVM  |c 1  |c 2 
050 0 0 |a SF992.E53  |b F45 1987 
060 0 |a SF 768.3 F312c 
060 4 |a SF 992.E53  |b F312c 1987 
100 1 |a Feldman, Edward C. 
245 1 0 |a Canine and feline endocrinology and reproduction /  |c Edward C. Feldman, Richard W. Nelson. 
264 1 |a Philadelphia :  |b Saunders,  |c 1987. 
300 |a xi, 564 pages :  |b illustrations ;  |c 27 cm. 
336 |a text  |2 rdacontent  |b txt 
337 |a unmediated  |2 rdamedia 
338 |a volume  |2 rdacarrier  |b nc 
504 |a Includes bibliographies and index. 
650 2 |a Cat Diseases. 
650 2 |a Cats. 
650 2 |a Dog Diseases. 
650 2 |a Dogs. 
650 2 |a Endocrine System Diseases  |x veterinary. 
650 2 |a Reproduction. 
700 1 |a Nelson, Richard W.  |q (Richard William),  |d 1953- 
948 |a ACDE evaluation: Retain both copies per selector (EC); 04/96/eb. 
999 |a MARS 
999 f f |s 2cf3c439-a880-3d13-8544-fc33b9cfdb28  |i d6a2a662-ca48-38c8-a487-4224903ee92d  |t 0 
952 f f |p preservation  |a Texas A&M University  |b J.J. Pickle Campus  |c High Density Repository  |d Remote Storage  |t 0  |e SF 992.E53 F312c 1987  |h National Library of Medicine classification  |i unmediated -- volume  |m 323890232679B 
998 f f |a SF 992.E53 F312c 1987  |t 0  |l Remote Storage